Normal view
MARC view
Entry Topical Term
001 - CONTROL NUMBER
- control field: 9563
003 - CONTROL NUMBER IDENTIFIER
- control field: PK-LaUMT
005 - DATE AND TIME OF LATEST TRANSACTION
- control field: 20260227100518.0
008 - FIXED-LENGTH DATA ELEMENTS
- fixed length control field: 260227|| aca||aabn | a|a d
040 ## - CATALOGING SOURCE
- Original cataloging agency: PK-LaUMT
- Transcribing agency: PK-LaUMT
150 ## - HEADING--TOPICAL TERM
- Topical term or geographic name as entry element: Management-Environmental aspects
670 ## - SOURCE DATA FOUND
- Source citation: Work cat.: (PK-LaUMT)139932: Sanders, Nada R. 9562, Foundations of sustainable business :, 2024
